[Event "DVM U16w 2023"]
[Site "Magdeburg GER"]
[Date "2023.12.27"]
[Round "2"]
[White "Gruber, Florentine"]
[Black "Fetahovic, Maida"]
[Result "1-0"]
[Termination "normal"]
[Board "7.3"]
[WhiteElo "1168"]
[BlackElo "1038"]
[WhiteClock "01:08:49"]
[BlackClock "00:55:12"]
[WhiteTeam "SchachAkademiePaderborn"]
[BlackTeam "SG Solingen"]
[PlyCount "119"]
[WhiteFideId "34605711"]
[BlackFideId "34611932"]
[EventCountry "GER"]
[EventRounds "7"]
[EventType "team-swiss"]
[EventDate "2023.12.26"]

1. d4 {[%clk 01:30:59]} d5 {[%clk 01:30:55]} {[%emt 00:00:06]} 2. Nf3 {[%clk
01:31:26]} {[%emt 00:00:03]} c6 {[%clk 01:31:15]} {[%emt 00:00:10]} 3. g3
{[%clk 01:31:52]} {[%emt 00:00:04]} Nf6 {[%clk 01:31:32]} {[%emt 00:00:12]} 4.
Bg2 {[%clk 01:32:18]} {[%emt 00:00:04]} Bf5 {[%clk 01:31:49]} {[%emt 00:00:12]}
5. O-O {[%clk 01:32:39]} {[%emt 00:00:10]} e6 {[%clk 01:32:02]} {[%emt
00:00:16]} 6. c4 {[%clk 01:31:35]} {[%emt 00:01:35]} Nbd7 {[%clk 01:32:23]}
{[%emt 00:00:08]} 7. cxd5 {[%clk 01:31:41]} {[%emt 00:00:24]} exd5 {[%clk
01:32:45]} {[%emt 00:00:10]} 8. Nc3 {[%clk 01:31:06]} {[%emt 00:01:05]} h6
{[%clk 01:33:05]} {[%emt 00:00:10]} 9. Qb3 {[%clk 01:30:37]} {[%emt 00:00:58]}
Qb6 {[%clk 01:33:18]} {[%emt 00:00:17]} 10. Qxb6 {[%clk 01:26:58]} {[%emt
00:04:10]} axb6 {[%clk 01:33:10]} {[%emt 00:00:37]} 11. Nh4 {[%clk 01:24:43]}
{[%emt 00:02:45]} Bh7 {[%clk 01:33:32]} {[%emt 00:00:08]} 12. Re1 {[%clk
01:24:11]} {[%emt 00:01:03]} Bd6 {[%emt 00:02:06]} 13. e4 {[%clk 01:23:12]} Bc7
{[%clk 01:30:01]} {[%emt 00:03:53]} 14. exd5+ {[%clk 01:23:21]} {[%emt
00:00:21]} Kd8 {[%clk 01:29:32]} {[%emt 00:00:59]} 15. dxc6 {[%clk 01:23:40]}
{[%emt 00:00:11]} bxc6 {[%clk 01:29:15]} {[%emt 00:00:49]} 16. Bxc6 {[%clk
01:23:52]} {[%emt 00:00:16]} Rb8 {[%clk 01:29:19]} {[%emt 00:00:27]} 17. Nb5
{[%clk 01:23:03]} {[%emt 00:01:19]} Re8 {[%clk 01:28:14]} {[%emt 00:01:35]} 18.
Rxe8+ {[%clk 01:22:39]} {[%emt 00:00:53]} Nxe8 {[%clk 01:28:35]} {[%emt
00:00:10]} 19. Bxd7 {[%clk 01:22:14]} {[%emt 00:00:56]} Kxd7 {[%clk 01:28:46]}
{[%emt 00:00:18]} 20. Nxc7 {[%clk 01:22:36]} {[%emt 00:00:07]} Nxc7 {[%clk
01:28:59]} {[%emt 00:00:18]} 21. Bf4 {[%clk 01:22:52]} {[%emt 00:00:14]} Rb7
{[%clk 01:29:06]} {[%emt 00:00:23]} 22. Nf3 {[%clk 01:22:46]} {[%emt 00:00:36]}
Ne6 {[%clk 01:28:40]} {[%emt 00:00:57]} 23. Ne5+ {[%clk 01:21:37]} {[%emt
00:01:37]} Ke8 {[%clk 01:28:41]} {[%emt 00:00:31]} 24. Be3 {[%clk 01:21:12]}
{[%emt 00:00:57]} f6 {[%clk 01:28:22]} {[%emt 00:00:48]} 25. Nc4 {[%clk
01:21:25]} {[%emt 00:00:17]} Kf8 {[%clk 01:25:24]} {[%emt 00:03:28]} 26. Rc1
{[%clk 01:20:20]} {[%emt 00:01:35]} Nc7 {[%clk 01:13:55]} {[%emt 00:12:00]} 27.
Nd6 {[%clk 01:18:19]} {[%emt 00:02:30]} Ra7 {[%clk 01:14:08]} {[%emt 00:00:16]}
28. a3 {[%clk 01:15:34]} {[%emt 00:03:16]} Nd5 {[%clk 01:12:37]} {[%emt
00:02:01]} 29. Re1 {[%clk 01:15:07]} {[%emt 00:00:57]} Nxe3 {[%clk 01:11:25]}
{[%emt 00:01:43]} 30. Rxe3 {[%clk 01:15:35]} Bg6 {[%clk 01:11:42]} {[%emt
00:00:13]} 31. Nc8 {[%clk 01:14:36]} {[%emt 00:01:29]} Rb7 {[%clk 01:11:08]}
{[%emt 00:01:06]} 32. Re6 {[%clk 01:14:30]} {[%emt 00:00:34]} Bf5 {[%clk
01:10:42]} {[%emt 00:00:56]} 33. Rc6 {[%clk 01:13:19]} {[%emt 00:01:38]} Be4
{[%clk 01:08:00]} {[%emt 00:03:16]} 34. Rc1 {[%clk 01:13:33]} {[%emt 00:00:15]}
Rb8 {[%clk 01:06:23]} {[%emt 00:02:07]} 35. Nd6 {[%clk 01:13:40]} {[%emt
00:00:21]} Bg6 {[%clk 01:05:10]} {[%emt 00:01:46]} 36. Rc8+ {[%clk 01:13:30]}
{[%emt 00:00:39]} Rxc8 {[%clk 01:05:24]} {[%emt 00:00:17]} 37. Nxc8 {[%clk
01:13:56]} {[%emt 00:00:02]} b5 {[%clk 01:05:48]} {[%emt 00:00:07]} 38. Nd6
{[%clk 01:13:56]} {[%emt 00:00:30]} Bd3 {[%clk 01:05:50]} {[%emt 00:00:27]} 39.
f4 {[%clk 01:12:39]} {[%emt 00:01:48]} Ke7 {[%clk 01:05:57]} {[%emt 00:00:24]}
40. Nb7 {[%clk 01:12:31]} {[%emt 00:00:37]} g6 {[%clk 01:05:33]} {[%emt
00:00:54]} 41. Kf2 {[%clk 01:12:12]} {[%emt 00:00:49]} Bc4 {[%clk 01:05:01]}
{[%emt 00:01:02]} 42. Ke3 {[%clk 01:11:41]} {[%emt 00:01:00]} Ke6 {[%clk
01:05:00]} {[%emt 00:00:33]} 43. Nc5+ {[%clk 01:11:02]} {[%emt 00:01:07]} Kd5
{[%clk 01:04:27]} {[%emt 00:01:04]} 44. Ne4 {[%clk 01:09:50]} {[%emt 00:01:42]}
Ke6 {[%clk 01:03:57]} {[%emt 00:01:01]} 45. Nc3 {[%clk 01:09:49]} {[%emt
00:00:30]} g5 {[%clk 01:03:34]} {[%emt 00:00:54]} 46. fxg5 {[%clk 01:09:34]}
{[%emt 00:00:44]} hxg5 {[%clk 01:03:40]} {[%emt 00:00:24]} 47. d5+ {[%clk
01:07:14]} {[%emt 00:02:51]} Ke5 {[%clk 01:02:14]} {[%emt 00:01:56]} 48. h4
{[%clk 01:06:35]} {[%emt 00:01:09]} gxh4 {[%clk 00:54:35]} {[%emt 00:08:09]}
49. gxh4 {[%clk 01:06:59]} {[%emt 00:00:05]} f5 {[%clk 00:54:51]} {[%emt
00:00:15]} 50. h5 {[%clk 01:06:46]} {[%emt 00:00:43]} f4+ {[%clk 00:54:55]}
{[%emt 00:00:27]} 51. Kf3 {[%clk 01:06:46]} {[%emt 00:00:25]} Bxd5+ {[%clk
00:55:08]} {[%emt 00:00:20]} 52. Nxd5 {[%clk 01:07:03]} {[%emt 00:00:14]} Kxd5
{[%clk 00:54:53]} {[%emt 00:00:45]} 53. Kxf4 {[%clk 01:07:31]} {[%emt
00:00:02]} Kc4 {[%clk 00:54:30]} {[%emt 00:00:53]} 54. h6 {[%clk 01:07:48]}
{[%emt 00:00:13]} Kb3 {[%clk 00:54:40]} {[%emt 00:00:20]} 55. h7 {[%clk
01:08:13]} {[%emt 00:00:05]} Kxb2 {[%clk 00:55:05]} {[%emt 00:00:04]} 56. h8=Q+
{[%emt 00:00:21]} Kxa3 {[%clk 00:55:26]} {[%emt 00:00:08]} 57. Qa1+ {[%clk
01:08:38]} {[%emt 00:00:15]} Kb4 {[%clk 00:55:48]} {[%emt 00:00:10]} 58. Ke3
{[%clk 01:08:44]} {[%emt 00:00:24]} Kc4 {[%clk 00:55:53]} {[%emt 00:00:25]} 59.
Ke4 {[%clk 01:08:45]} {[%emt 00:00:28]} Kb3 {[%clk 00:55:12]} {[%emt 00:01:12]}
60. Kd3 {[%clk 01:08:49]} 1-0

[Event "DVM U16w 2023"]
[Site "Magdeburg GER"]
[Date "2023.12.27"]
[Round "2"]
[White "Kovalyova, Alina"]
[Black "Achilles, Rosa"]
[Result "0-1"]
[Termination "normal"]
[Board "7.4"]
[WhiteElo "1146"]
[BlackElo "1190"]
[WhiteClock "00:51:39"]
[BlackClock "01:02:49"]
[WhiteTeam "SG Solingen"]
[BlackTeam "SchachAkademiePaderborn"]
[PlyCount "126"]
[WhiteFideId "34669477"]
[BlackFideId "34630066"]
[EventCountry "GER"]
[EventRounds "7"]
[EventType "team-swiss"]
[EventDate "2023.12.26"]

1. e4 {[%clk 01:30:57]} {[%emt 00:00:02]} e6 {[%clk 01:30:51]} {[%emt
00:00:09]} 2. d4 {[%clk 01:31:18]} {[%emt 00:00:09]} d5 {[%clk 01:31:13]}
{[%emt 00:00:10]} 3. e5 {[%clk 01:31:35]} {[%emt 00:00:13]} c5 {[%clk
01:31:23]} {[%emt 00:00:19]} 4. b3 {[%clk 01:31:11]} {[%emt 00:00:54]} Nc6
{[%clk 01:31:09]} {[%emt 00:00:44]} 5. Nf3 {[%clk 01:31:08]} {[%emt 00:00:33]}
cxd4 {[%clk 01:30:50]} {[%emt 00:00:49]} 6. Nxd4 {[%clk 01:31:07]} {[%emt
00:00:31]} Nxe5 {[%clk 01:30:43]} {[%emt 00:00:37]} 7. Bb5+ {[%clk 01:30:35]}
{[%emt 00:01:03]} Bd7 {[%clk 01:30:33]} {[%emt 00:00:40]} 8. Bf4 {[%clk
01:30:14]} {[%emt 00:00:51]} Nc6 {[%clk 01:29:44]} {[%emt 00:01:19]} 9. Nxc6
{[%clk 01:29:48]} {[%emt 00:00:55]} Bxc6 {[%clk 01:29:23]} {[%emt 00:00:51]}
10. Bxc6+ {[%clk 01:30:05]} {[%emt 00:00:13]} bxc6 {[%clk 01:29:23]} {[%emt
00:00:30]} 11. O-O {[%clk 01:30:10]} {[%emt 00:00:25]} Nf6 {[%clk 01:29:23]}
{[%emt 00:00:30]} 12. Bg5 {[%clk 01:30:12]} {[%emt 00:00:28]} Be7 {[%clk
01:29:31]} {[%emt 00:00:23]} 13. Nd2 {[%clk 01:30:15]} {[%emt 00:00:27]} h6
{[%clk 01:29:40]} {[%emt 00:00:20]} 14. Bxf6 {[%clk 01:29:54]} {[%emt
00:00:51]} Bxf6 {[%clk 01:29:43]} {[%emt 00:00:27]} 15. Rc1 {[%clk 01:29:49]}
{[%emt 00:00:35]} Bg5 {[%clk 01:29:25]} {[%emt 00:00:48]} 16. f4 {[%clk
01:29:03]} {[%emt 00:01:15]} Qb6+ {[%clk 01:29:13]} {[%emt 00:00:43]} 17. Kh1
{[%clk 01:28:57]} {[%emt 00:00:36]} Bf6 {[%clk 01:29:11]} {[%emt 00:00:31]} 18.
Nf3 {[%clk 01:27:28]} {[%emt 00:01:59]} O-O {[%clk 01:28:48]} {[%emt 00:00:53]}
19. c4 {[%clk 01:27:14]} {[%emt 00:00:44]} Rfd8 {[%clk 01:27:14]} {[%emt
00:02:06]} 20. cxd5 {[%clk 01:25:57]} {[%emt 00:01:46]} cxd5 {[%clk 01:26:50]}
{[%emt 00:00:54]} 21. Ne5 {[%clk 01:25:31]} {[%emt 00:00:57]} Bxe5 {[%clk
01:26:45]} {[%emt 00:00:36]} 22. fxe5 {[%clk 01:25:51]} {[%emt 00:00:09]} Rac8
{[%clk 01:26:39]} {[%emt 00:00:37]} 23. g4 {[%clk 01:24:03]} {[%emt 00:02:17]}
Qb8 {[%clk 01:25:58]} {[%emt 00:01:07]} 24. Qe1 {[%clk 01:23:11]} {[%emt
00:01:25]} Rxc1 {[%clk 01:26:04]} {[%emt 00:00:25]} 25. Qxc1 {[%clk 01:23:00]}
{[%emt 00:00:41]} Qxe5 {[%clk 01:26:13]} {[%emt 00:00:19]} 26. Re1 {[%clk
01:20:11]} {[%emt 00:03:21]} Qf6 {[%clk 01:23:30]} {[%emt 00:03:12]} 27. Qe3
{[%clk 01:18:30]} {[%emt 00:02:11]} Qh4 {[%clk 01:22:34]} {[%emt 00:01:24]} 28.
Rg1 {[%clk 01:17:39]} {[%emt 00:01:22]} Qe7 {[%clk 01:22:12]} {[%emt 00:00:51]}
29. a4 {[%clk 01:17:10]} {[%emt 00:01:01]} Qb7 {[%clk 01:22:06]} {[%emt
00:00:32]} 30. Qf3 {[%clk 01:16:54]} {[%emt 00:00:49]} Rd7 {[%clk 01:21:40]}
{[%emt 00:00:55]} 31. Rb1 {[%clk 01:14:28]} {[%emt 00:02:55]} d4 {[%clk
01:21:39]} {[%emt 00:00:32]} 32. Qxb7 {[%clk 01:14:41]} {[%emt 00:00:18]} Rxb7
{[%clk 01:21:56]} {[%emt 00:00:11]} 33. a5 {[%clk 01:13:43]} {[%emt 00:01:29]}
e5 {[%clk 01:21:36]} {[%emt 00:00:50]} 34. Re1 {[%clk 01:13:25]} {[%emt
00:00:47]} f6 {[%clk 01:21:25]} {[%emt 00:00:41]} 35. Rb1 {[%clk 01:12:48]}
{[%emt 00:01:08]} d3 {[%clk 01:21:33]} {[%emt 00:00:23]} 36. b4 {[%clk
01:11:24]} {[%emt 00:01:52]} d2 {[%clk 01:20:44]} {[%emt 00:01:19]} 37. Kg2
{[%clk 01:10:18]} {[%emt 00:01:37]} Rc7 {[%clk 01:20:30]} {[%emt 00:00:39]} 38.
Rd1 {[%clk 01:10:12]} {[%emt 00:00:40]} Rc4 {[%clk 01:19:18]} {[%emt 00:01:43]}
39. h3 {[%clk 01:09:27]} {[%emt 00:01:13]} Rxb4 {[%clk 01:18:54]} {[%emt
00:00:55]} 40. Rxd2 {[%clk 01:09:40]} {[%emt 00:00:18]} Ra4 {[%clk 01:18:59]}
{[%emt 00:00:24]} 41. Rd8+ {[%clk 01:09:38]} {[%emt 00:00:33]} Kh7 {[%clk
01:19:11]} {[%emt 00:00:19]} 42. Rd5 {[%clk 01:09:25]} {[%emt 00:00:41]} Kg6
{[%clk 01:19:06]} {[%emt 00:00:36]} 43. Kg3 {[%clk 01:08:02]} {[%emt 00:01:53]}
h5 {[%clk 01:18:39]} {[%emt 00:00:56]} 44. Kh4 {[%clk 01:06:56]} {[%emt
00:01:36]} hxg4 {[%clk 01:18:45]} {[%emt 00:00:26]} 45. hxg4 {[%clk 01:07:19]}
{[%emt 00:00:06]} e4 {[%clk 01:17:42]} {[%emt 00:01:33]} 46. Kg3 {[%clk
01:05:23]} {[%emt 00:02:26]} a6 {[%clk 01:14:59]} {[%emt 00:03:13]} 47. Kf4
{[%clk 01:04:06]} {[%emt 00:01:46]} Kh7 {[%clk 01:14:03]} {[%emt 00:01:26]} 48.
g5 {[%clk 01:02:18]} {[%emt 00:02:18]} fxg5+ {[%clk 01:12:43]} {[%emt
00:01:51]} 49. Rxg5 {[%clk 01:02:18]} {[%emt 00:00:30]} g6 {[%clk 01:11:53]}
{[%emt 00:01:20]} 50. Re5 {[%clk 01:02:02]} {[%emt 00:00:47]} Kh6 {[%clk
01:11:55]} {[%emt 00:00:27]} 51. Kg3 {[%clk 00:58:24]} {[%emt 00:04:07]} Ra3+
{[%clk 01:10:49]} {[%emt 00:01:36]} 52. Kf4 {[%clk 00:58:00]} {[%emt 00:00:55]}
e3 {[%clk 01:11:02]} {[%emt 00:00:16]} 53. Rxe3 {[%clk 00:56:42]} {[%emt
00:01:48]} Rxa5 {[%clk 01:04:59]} {[%emt 00:06:33]} 54. Re6 {[%clk 00:55:16]}
{[%emt 00:01:56]} Kh5 {[%clk 01:04:53]} {[%emt 00:00:34]} 55. Kg3 {[%clk
00:55:08]} {[%emt 00:00:39]} Ra3+ {[%clk 01:04:52]} {[%emt 00:00:30]} 56. Kh2
{[%clk 00:55:05]} {[%emt 00:00:34]} g5 {[%clk 01:04:30]} {[%emt 00:00:52]} 57.
Re5 {[%clk 00:54:30]} {[%emt 00:01:05]} Kh4 {[%clk 01:03:37]} {[%emt 00:01:24]}
58. Re4+ {[%clk 00:54:22]} {[%emt 00:00:39]} g4 {[%clk 01:03:47]} {[%emt
00:00:19]} 59. Kg2 {[%clk 00:54:12]} {[%emt 00:00:39]} Ra2+ {[%clk 01:03:52]}
{[%emt 00:00:27]} 60. Kf1 {[%clk 00:53:57]} {[%emt 00:00:44]} Kh3 {[%clk
01:03:02]} {[%emt 00:01:21]} 61. Kg1 {[%clk 00:53:08]} {[%emt 00:01:18]} g3
{[%clk 01:03:03]} {[%emt 00:00:30]} 62. Kf1 {[%clk 00:52:57]} {[%emt 00:00:40]}
g2+ {[%clk 01:03:07]} {[%emt 00:00:25]} 63. Kg1 {[%clk 00:51:39]} {[%emt
00:03:16]} Ra1+ {[%clk 01:02:49]} {[%emt 00:00:19]} 0-1

[Event "DVM U16w 2023"]
[Site "Magdeburg GER"]
[Date "2023.12.27"]
[Round "2"]
[White "Kern, Jennifer"]
[Black "Fettan, Nua"]
[Result "1-0"]
[Termination "normal"]
[Board "8.1"]
[WhiteElo "1363"]
[BlackElo "1267"]
[WhiteClock "00:13:22"]
[BlackClock "01:09:01"]
[WhiteTeam "SC Bad Dürkheim-Wachenheim"]
[BlackTeam "Hamburger SK 1830 2"]
[PlyCount "86"]
[WhiteFideId "16251350"]
[BlackFideId "34637362"]
[EventCountry "GER"]
[EventRounds "7"]
[EventType "team-swiss"]
[EventDate "2023.12.26"]

1. d4 {[%clk 01:30:58]} {[%emt 00:00:02]} d5 {[%clk 01:30:59]} {[%emt
00:00:02]} 2. Nc3 {[%clk 01:31:20]} {[%emt 00:00:09]} Nf6 {[%clk 01:31:16]}
{[%emt 00:00:12]} 3. Bf4 {[%clk 01:31:43]} {[%emt 00:00:07]} e6 {[%clk
01:30:50]} {[%emt 00:00:56]} 4. e3 {[%clk 01:24:21]} {[%emt 00:07:52]} Bd6
{[%clk 01:30:09]} {[%emt 00:01:10]} 5. Bg5 {[%clk 01:23:38]} {[%emt 00:01:13]}
c6 {[%clk 01:29:14]} {[%emt 00:01:25]} 6. Nf3 {[%clk 01:22:02]} {[%emt
00:02:05]} Nbd7 {[%clk 01:29:05]} {[%emt 00:00:39]} 7. Be2 {[%clk 01:21:05]}
{[%emt 00:01:26]} O-O {[%clk 01:28:14]} {[%emt 00:01:22]} 8. e4 {[%clk
01:18:47]} {[%emt 00:02:48]} dxe4 {[%clk 01:18:36]} {[%emt 00:10:07]} 9. Nxe4
{[%clk 01:19:05]} {[%emt 00:00:12]} Qa5+ {[%clk 01:17:41]} {[%emt 00:01:23]}
10. Nc3 {[%clk 01:17:38]} {[%emt 00:01:59]} Bb4 {[%clk 01:15:17]} {[%emt
00:02:55]} 11. Bd2 {[%clk 01:15:52]} {[%emt 00:02:15]} Re8 {[%clk 01:13:40]}
{[%emt 00:02:06]} 12. O-O {[%clk 01:13:57]} {[%emt 00:02:26]} e5 {[%clk
01:11:59]} {[%emt 00:02:11]} 13. a3 {[%clk 01:11:39]} {[%emt 00:02:48]} Bxc3
{[%clk 01:08:31]} {[%emt 00:03:58]} 14. Bxc3 {[%clk 01:10:12]} {[%emt
00:01:57]} Qc7 {[%clk 01:08:04]} {[%emt 00:00:57]} 15. dxe5 {[%clk 01:08:03]}
{[%emt 00:02:39]} Nxe5 {[%clk 01:07:26]} {[%emt 00:01:06]} 16. Bxe5 {[%clk
00:59:15]} {[%emt 00:09:19]} Rxe5 {[%clk 01:06:53]} {[%emt 00:01:03]} 17. Nxe5
{[%clk 00:55:22]} {[%emt 00:04:24]} Qxe5 {[%clk 01:07:01]} {[%emt 00:00:21]}
18. Rb1 {[%clk 00:54:46]} {[%emt 00:01:07]} Be6 {[%clk 01:03:36]} {[%emt
00:03:55]} 19. Re1 {[%clk 00:54:08]} {[%emt 00:01:07]} Qc7 {[%clk 01:01:04]}
{[%emt 00:02:45]} 20. Bf3 {[%clk 00:52:57]} {[%emt 00:01:59]} Rd8 {[%clk
00:59:25]} {[%emt 00:02:09]} 21. Qe2 {[%clk 00:48:42]} {[%emt 00:04:44]} Qb6
{[%clk 00:57:50]} {[%emt 00:02:02]} 22. Red1 {[%clk 00:42:40]} {[%emt
00:06:35]} Re8 {[%clk 00:56:31]} {[%emt 00:01:42]} 23. Qd3 {[%clk 00:41:12]}
{[%emt 00:02:05]} h6 {[%clk 00:53:04]} {[%emt 00:03:56]} 24. h3 {[%clk
00:38:45]} {[%emt 00:02:57]} a5 {[%clk 00:47:38]} {[%emt 00:05:57]} 25. Re1
{[%clk 00:32:09]} {[%emt 00:07:07]} Qc5 {[%clk 00:46:04]} {[%emt 00:02:00]} 26.
b4 {[%clk 00:30:35]} {[%emt 00:02:06]} axb4 {[%clk 00:44:18]} {[%emt 00:02:16]}
27. Rxb4 {[%clk 00:28:17]} {[%emt 00:02:48]} Bf5 {[%clk 00:42:50]} {[%emt
00:01:59]} 28. Rxe8+ {[%clk 00:26:31]} {[%emt 00:02:15]} Nxe8 {[%clk 00:43:08]}
{[%emt 00:00:11]} 29. Qd8 {[%clk 00:25:49]} {[%emt 00:01:13]} Qe5 {[%clk
00:41:55]} {[%emt 00:01:43]} 30. Qd2 {[%clk 00:23:36]} {[%emt 00:02:43]} Qa1+
{[%clk 00:42:01]} {[%emt 00:00:23]} 31. Qd1 {[%clk 00:22:08]} {[%emt 00:01:58]}
Qxa3 {[%clk 00:42:16]} {[%emt 00:00:14]} 32. Rxb7 {[%clk 00:22:21]} {[%emt
00:00:18]} Qc5 {[%clk 00:41:53]} {[%emt 00:00:52]} 33. Rb8 {[%clk 00:21:54]}
{[%emt 00:00:59]} Kf8 {[%clk 00:41:42]} {[%emt 00:00:41]} 34. Qe2 {[%clk
00:19:54]} {[%emt 00:02:30]} Be6 {[%clk 00:41:43]} {[%emt 00:00:29]} 35. Qe4
{[%clk 00:19:23]} {[%emt 00:01:00]} Qa7 {[%clk 00:41:21]} {[%emt 00:00:51]} 36.
Qb4+ {[%clk 00:18:47]} {[%emt 00:01:07]} c5 {[%clk 00:41:24]} {[%emt 00:00:28]}
37. Qb2 {[%clk 00:16:05]} {[%emt 00:03:11]} Qc7 {[%clk 00:40:45]} {[%emt
00:01:09]} 38. c3 {[%clk 00:11:29]} {[%emt 00:05:07]} Bd7 {[%clk 00:39:53]}
{[%emt 00:01:22]} 39. Rb7 {[%clk 00:11:02]} {[%emt 00:00:57]} Qc8 {[%clk
00:40:03]} {[%emt 00:00:19]} 40. Qb3 {[%clk 00:01:16]} {[%emt 00:09:58]} Be6
{[%clk 00:39:29]} {[%emt 00:01:05]} 41. Bd5 {[%clk 00:00:34]} {[%emt 00:01:11]}
c4 {[%clk 00:39:28]} {[%emt 00:00:31]} 42. Qb4+ {[%clk 00:26:14]} {[%emt
00:04:50]} Kg8 {[%clk 01:09:34]} {[%emt 00:00:23]} 43. Rb8 {[%clk 00:13:22]}
{[%emt 00:13:22]} Qd7 {[%clk 01:09:01]} {[%emt 00:01:02]} *

[Event "DVM U16w 2023"]
[Site "Magdeburg GER"]
[Date "2023.12.27"]
[Round "2"]
[White "Abram, Kristina-Maria"]
[Black "Melnyk, Viktoria"]
[Result "1-0"]
[Termination "normal"]
[Board "8.2"]
[WhiteElo "1192"]
[BlackElo "989"]
[WhiteClock "00:55:38"]
[BlackClock "00:12:49"]
[WhiteTeam "Hamburger SK 1830 2"]
[BlackTeam "SC Bad Dürkheim-Wachenheim"]
[PlyCount "57"]
[WhiteFideId "16298349"]
[BlackFideId "34674381"]
[EventCountry "GER"]
[EventRounds "7"]
[EventType "team-swiss"]
[EventDate "2023.12.26"]

1. e4 {[%clk 01:30:58]} {[%emt 00:00:02]} e6 {[%clk 01:31:21]} {[%emt
00:00:09]} 2. d4 {[%clk 01:31:47]} {[%emt 00:00:10]} d5 {[%clk 01:31:44]}
{[%emt 00:00:07]} 3. exd5 {[%clk 01:32:09]} {[%emt 00:00:09]} exd5 {[%clk
01:31:57]} {[%emt 00:00:16]} 4. c4 {[%clk 01:32:30]} {[%emt 00:00:09]} c6
{[%clk 01:30:35]} {[%emt 00:01:53]} 5. Nc3 {[%clk 01:32:09]} {[%emt 00:00:50]}
Nf6 {[%clk 01:30:25]} {[%emt 00:00:39]} 6. Nf3 {[%clk 01:32:21]} {[%emt
00:00:19]} Bf5 {[%clk 01:29:08]} {[%emt 00:01:47]} 7. Qb3 {[%clk 01:30:41]}
{[%emt 00:02:09]} b6 {[%clk 01:25:13]} {[%emt 00:04:26]} 8. Be2 {[%clk
01:29:17]} {[%emt 00:01:48]} Be7 {[%clk 01:19:56]} {[%emt 00:05:53]} 9. O-O
{[%clk 01:29:25]} {[%emt 00:00:21]} O-O {[%clk 01:20:10]} {[%emt 00:00:17]} 10.
Bf4 {[%clk 01:29:20]} {[%emt 00:00:32]} Bd6 {[%clk 01:17:37]} {[%emt 00:03:06]}
11. Bg5 {[%clk 01:26:21]} {[%emt 00:03:20]} dxc4 {[%clk 01:07:05]} {[%emt
00:11:11]} 12. Bxc4 {[%clk 01:26:28]} {[%emt 00:00:22]} h6 {[%clk 01:05:41]}
{[%emt 00:01:54]} 13. Be3 {[%clk 01:24:20]} {[%emt 00:02:36]} Nbd7 {[%clk
01:02:18]} {[%emt 00:03:55]} 14. Ne2 {[%clk 01:22:33]} {[%emt 00:02:15]} Qc7
{[%clk 01:01:21]} {[%emt 00:01:29]} 15. Ng3 {[%clk 01:20:51]} {[%emt 00:02:12]}
Bg6 {[%clk 00:57:03]} {[%emt 00:04:48]} 16. Nh4 {[%clk 01:19:03]} {[%emt
00:02:15]} Bh7 {[%clk 00:44:28]} {[%emt 00:13:08]} 17. Nhf5 {[%clk 01:14:36]}
{[%emt 00:04:54]} Bxf5 {[%clk 00:42:15]} {[%emt 00:02:45]} 18. Nxf5 {[%clk
01:14:26]} {[%emt 00:00:40]} Bxh2+ {[%clk 00:40:07]} {[%emt 00:02:38]} 19. Kh1
{[%clk 01:14:50]} {[%emt 00:00:06]} Bd6 {[%clk 00:38:43]} {[%emt 00:01:51]} 20.
Nxh6+ {[%clk 01:01:38]} {[%emt 00:13:45]} gxh6 {[%clk 00:29:04]} {[%emt
00:10:09]} 21. Bxh6 {[%clk 01:01:59]} {[%emt 00:00:10]} Ne4 {[%clk 00:22:51]}
{[%emt 00:06:43]} 22. Bxf8 {[%clk 01:01:50]} {[%emt 00:00:38]} Rxf8 {[%clk
00:23:09]} {[%emt 00:00:11]} 23. Qh3 {[%clk 00:58:44]} {[%emt 00:03:27]} Nd2
{[%clk 00:16:11]} {[%emt 00:07:37]} 24. Qg4+ {[%clk 00:58:37]} {[%emt
00:00:32]} Kh7 {[%clk 00:15:44]} {[%emt 00:01:02]} 25. Bd3+ {[%clk 00:57:51]}
{[%emt 00:01:17]} Kh8 {[%clk 00:14:05]} {[%emt 00:02:09]} 26. Qf5 {[%clk
00:56:18]} {[%emt 00:01:51]} Kg7 {[%clk 00:14:01]} {[%emt 00:00:47]} 27. Qg5+
{[%clk 00:55:16]} {[%emt 00:01:27]} Kh8 {[%clk 00:12:49]} {[%emt 00:01:47]} 28.
Qh6+ {[%clk 00:55:42]} {[%emt 00:00:04]} Kg8 {[%clk 00:12:49]} {[%emt
00:00:31]} 29. Qh7# {[%clk 00:55:38]} {[%emt 00:00:04]} 1-0